| 000 | 01620cad a22002535a 4500 | ||
|---|---|---|---|
| 001 | L158483 | ||
| 008 | 120824s xxk 000 0 eng d | ||
| 035 | _a(Sirsi) u158483 | ||
| 041 | 0 | _aeng | |
| 110 | 2 |
_aJones Lang LaSalle _93755 |
|
| 245 | 0 | 0 |
_aGlobal market perspective _h[electronic resource] |
| 260 |
_a[S.l.] _bJones Lang LaSalle |
||
| 490 | _aJones Lang LaSalle Global Market Perspective Global Foresight Series | ||
| 505 | 2 | _aHighlights -- Global Economy -- Real Estate Capital Markets -- Investment Volumes -- Capital Values and Yields -- Corporate Occupiers -- Global Real Estate Health Monitor -- Office Markets -- Office Demand Dynamics -- Office Supply Trends -- Office Rental Trends -- Retail Markets -- Industrial Warehousing Markets -- Hotel Markets -- Residential Markets -- Recent Key Investment Transactions | |
| 520 | _aComprehensive overview of the global real estate market covering the global economy, global property capital and leasing markets outlook, global real estate health monitor, real estate capital, corporate occupiers, office, retail, industrial warehousing, hotels, and residential markets, with recent key transactions. | ||
| 590 | _aNTK KA | ||
| 650 | 2 | 4 | _aJONES LANG LASALLE GLOBAL MARKET PERSPECTIVE |
| 651 | 4 | _aInternational | |
| 690 |
_aCommercial property _96227 |
||
| 690 |
_aResidential property _96266 |
||
| 856 | 4 | 0 |
_uhttps://www.jll.com/gmp _zView the Global Market Perspective reports at www.jll.com |
| 856 | 4 | 0 |
_uhttps://www.jll.com/gmp/market-perspective/view-report-archives _zView the Global Market Perspective reports archive at www.jll.com |
| 942 | _n0 | ||
| 999 |
_c115335 _d115335 |
||